Statistiche per Paesi più vicini alle Barbados

Clicka qui per fare il quiz!

Statistiche generali

  • Questo quiz è stato fatto 33 volte
  • Il punteggio medio è 17 su 20

Statistiche sulle risposte

kmnazione% Corretto
1401Haiti
97%
145Santa Lucia
97%
217Trinidad e Tobago
97%
1722Cuba
94%
1097Repubblica Dominicana
90%
525Saint Kitts e Nevis
90%
158Saint Vincent
e Grenadine
90%
467Antigua e Barbuda
87%
1252Colombia
87%
2001Panama
87%
1669Bahamas
84%
276Dominica
84%
1844Giamaica
84%
201Grenada
84%
357Venezuela
84%
869Brasile
81%
507Guyana
81%
833Suriname
77%
2269Ecuador
61%
2112Perù
61%

Distribuzione punteggi

Percentile per numero di risposta

Percentuale di utenti per punteggio

I tuoi punteggi nel tempo

Non hai fatto questo quiz